Sociálne aspekty krízy globalizovaného sveta
Globalizácia ako proces integrácie. Sociálne aspekty v prehlbujúcom sa procese globalizácie a nerovnomernosť výhod vo všetkých krajinách. Riešenia Európskej únie na prekonanie globálnej hospodárskej krízy. Politika súdržnosti EÚ, vnútorná, hospodárska a sociálna politika. Efektívna stratégia EÚ 2020...
Salvato in:
| Autore principale: | |
|---|---|
| Natura: | Capitolo di libro |
| Lingua: | slovacco |
| Soggetti: | |
| Tags: |
Nessun Tag, puoi essere il primo ad aggiungerne!!
|
MARC
| LEADER | 00000nla$a2200000$$$4500 | ||
|---|---|---|---|
| 001 | 0114896 | ||
| 005 | 20240502072302.1 | ||
| 041 | 0 | |a slo | |
| 044 | |a SK | ||
| 245 | 1 | 0 | |a Sociálne aspekty krízy globalizovaného sveta |c Barbora Palovičová |
| 520 | |a Globalizácia ako proces integrácie. Sociálne aspekty v prehlbujúcom sa procese globalizácie a nerovnomernosť výhod vo všetkých krajinách. Riešenia Európskej únie na prekonanie globálnej hospodárskej krízy. Politika súdržnosti EÚ, vnútorná, hospodárska a sociálna politika. Efektívna stratégia EÚ 2020. | ||
| 610 | 2 | 0 | |a Európska únia |
| 610 | 2 | 0 | |a globalizácia |
| 610 | 2 | 0 | |a bezpečnosť ekonomická |
| 610 | 2 | 0 | |a politika sociálna |
| 610 | 2 | 0 | |a trh spoločný |
| 610 | 2 | 0 | |a spolupráca medzinárodná |
| 610 | 2 | 0 | |a integrácia |
| 100 | 1 | |a Palovičová, Barbora | |